El mundo masculino y femenino en La Celestina bakalárska práca

Salvato in:
Dettagli Bibliografici
Autore principale: Horská, Dominika
Ente Autore: Fakulta aplikovaných jazykov EU v Bratislave. Katedra románskych a slovanských jazykov
Altri autori: Tužinská, Sofia, 1973-
Natura: Libro
Lingua:spagnolo
Pubblicazione: Bratislava 2015
Tags: Aggiungi Tag
Nessun Tag, puoi essere il primo ad aggiungerne!!

MARC

LEADER 00000nbm a2200000 4500
001 0202023
005 20161212094216.3
041 0 |a spa 
044 |a SK 
245 1 0 |a El mundo masculino y femenino en La Celestina  |b bakalárska práca  |c Dominika Horská ; školiteľ: Sofia Tužinská 
264 1 |a Bratislava  |c 2015 
300 |a 56 s. 
100 1 |a Horská, Dominika 
700 1 |a Tužinská, Sofia, 1973- 
710 2 |a Fakulta aplikovaných jazykov EU v Bratislave. Katedra románskych a slovanských jazykov